000 00647nam a2200193Ia 4500
003 GCL
005 20240530105035.0
008 140319s9999 xx 000 0 ara d
040 _aGCL /
_cGCL
082 0 4 _a627.3
_bا هـ
100 1 _aابراهيم على عبيدو
245 1 0 _aهندسة الموانى والمنشات البحرية /
_cابراهيم على عبيدو
260 _aالقاهرة :
_bمنشاة المعارف الاسلامية ،
_c1984
300 _a344 ص ؛
_c24 سم
650 0 4 _aالهندسة المدنية
650 0 4 _aالبحار والمحيطات
650 0 4 _aالموانئ
942 _2ddc
_cBK
999 _c52692
_d52692